Competition Law

-д хадгалсан:
Номзүйн дэлгэрэнгүй
Үндсэн зохиолчид: Whish, Richard (Зохиогч), Bailey, David (Зохиогч)
Формат: Ном
Хэл сонгох:англи
Хэвлэсэн: Oxford Oxford University Press 2012
Хэвлэл:7a. ed
Нөхцлүүд:
Шошгууд: Шошго нэмэх
Шошго байхгүй, Энэхүү баримтыг шошголох эхний хүн болох!

MARC

LEADER 00000cam a2200000 a 4500
001 UCC4815
003 CL-VaPUC
008 180831e20120000uk |||||||||||||||||eng|d
020 |a 9780199586554 
082 0 4 |a 343.08  |b WHI  |2 21 
100 0 |a Whish, Richard  |e author  |9 598986 
700 0 |a Bailey, David  |e author  |9 598987 
245 1 0 |a Competition Law 
250 |a 7a. ed 
300 |a 1015 p 
942 |c BK 
945 |d 20180831 12:04:00  |a dcastane 
260 |a Oxford  |b Oxford University Press  |c 2012 
650 0 |a Delitos económicos   |9 255899 
650 0 |a Derecho económico   |9 259197 
650 7 |a BLANQUEO DE CAPITALES  |2 CL-VaPUC  |9 598988 
583 |a last modification  |c 20180831 12:04:00  |k Rodrigo Vera 
999 |c 372201  |d 372199 
952 |0 0  |1 0  |3 erb  |4 0  |6 343_080000000000000_WHI_2012  |7 0  |8 A  |9 489483  |a BIBDER  |b BIBDER  |i 5492343  |l 1  |o 343.08 WHI 2012  |p 5492343  |r 2023-01-27  |s 2023-01-27  |w 2019-11-24  |y BK  |z Catalogado en:20180831  |k DER